|
|
|
|
| LEADER |
01597nam a2200433 a 4500 |
| 001 |
EBC770239 |
| 003 |
MiAaPQ |
| 005 |
20200520144314.0 |
| 006 |
m o d | |
| 007 |
cr cn||||||||| |
| 008 |
110602s2011 dcuab sb 001 0 eng d |
| 010 |
|
|
|z 2011023128
|
| 020 |
|
|
|z 9780821385456 (pbk.)
|
| 020 |
|
|
|z 0821385453 (pbk.)
|
| 020 |
|
|
|a 9780821386576 (electronic bk.)
|
| 035 |
|
|
|a (MiAaPQ)EBC770239
|
| 035 |
|
|
|a (Au-PeEL)EBL770239
|
| 035 |
|
|
|a (CaPaEBR)ebr10506386
|
| 035 |
|
|
|a (CaONFJC)MIL327890
|
| 035 |
|
|
|a (OCoLC)756897514
|
| 040 |
|
|
|a MiAaPQ
|c MiAaPQ
|d MiAaPQ
|
| 043 |
|
|
|a d------
|
| 050 |
|
4 |
|a HG3881.5.W57
|b G853 2011
|
| 082 |
0 |
4 |
|a 332.1/532
|2 23
|
| 245 |
0 |
2 |
|a A guide to the World Bank
|h [electronic resource].
|
| 250 |
|
|
|a 3rd ed.
|
| 260 |
|
|
|a Washington, D.C. :
|b World Bank,
|c 2011.
|
| 300 |
|
|
|a xix, 261 p. :
|b ill., map.
|
| 504 |
|
|
|a Includes bibliographical references and index.
|
| 505 |
2 |
|
|a How the World Bank Group is organized -- How the World Bank Group operates -- World Bank Group countries and regions -- Topics in development.
|
| 533 |
|
|
|a Electronic reproduction. Ann Arbor, MI : ProQuest, 2015. Available via World Wide Web. Access may be limited to ProQuest affiliated libraries.
|
| 610 |
2 |
0 |
|a World Bank Group.
|
| 650 |
|
0 |
|a Economic assistance.
|
| 650 |
|
0 |
|a Economic development.
|
| 651 |
|
0 |
|a Developing countries
|x Economic conditions.
|
| 655 |
|
4 |
|a Electronic books.
|
| 710 |
2 |
|
|a World Bank.
|
| 710 |
2 |
|
|a ProQuest (Firm)
|
| 856 |
4 |
0 |
|u https://ebookcentral.proquest.com/lib/matrademy/detail.action?docID=770239
|z Click to View
|